|
|
|
|
| LEADER |
00000nam a2200000 a 4500 |
| 001 |
vtls001393317 |
| 003 |
SK-MaSNL |
| 005 |
20260301161650.0 |
| 008 |
240226s2000 xo a r y slo |
| 015 |
|
|
|a SNBA2000/10-03339
|
| 020 |
|
|
|a 8080552673
|
| 035 |
|
|
|a SNK000347628
|
| 035 |
|
|
|a urn:nbn:sk:snk-am3izu8
|
| 035 |
|
|
|a 451437B0-27DF-4FBB-B4C0-0A18FE00B517
|
| 035 |
|
|
|a urn:nbn:sk:snk-am00gdfe
|
| 040 |
|
|
|a SNK
|b slo
|c SNK
|e AACR2
|
| 041 |
0 |
|
|a slo
|
| 044 |
|
|
|a xo
|c SK
|
| 080 |
|
|
|a 75.01(082)=854=850
|2 1981
|
| 245 |
0 |
|
|a Interpretácia výtvarného diela v teórii a praxi
|b zborník príspevkov z medzinárodnej vedeckej konferencie, Banská Bystrica, 15.4.1999
|c [editori: Štefan Gero, Stanislav Tropp]
|
| 260 |
|
|
|a Banská Bystrica
|b Univerzita Mateja Bela
|b Metodické centrum
|c 2000
|
| 300 |
|
|
|a 59 s.
|b ilustr.
|c 30 cm
|
| 500 |
|
|
|a Čiast. text čes.
|
| 500 |
|
|
|a Údaj o edit. prevzatý z tiráže
|
| 500 |
|
|
|a 150 výt.
|
| 504 |
|
|
|a Bibliogr. odkazy
|
| 650 |
0 |
7 |
|a diela výtvarné
|x interpretácia
|x zborníky
|2 SNK
|9 525011
|
| 655 |
|
7 |
|a zbierky
|2 SNK
|9 70533
|
| 700 |
1 |
|
|a Gero, Štefan,
|d 1942-
|4 edt
|9 154386
|
| 700 |
1 |
|
|a Tropp, Stanislav,
|d 1950-2002
|4 edt
|9 208166
|
| 919 |
|
|
|a 80-8055-267-3
|
| 958 |
|
|
|a TL
|
| 958 |
|
|
|a NB
|
| 958 |
|
|
|a OND
|
| 999 |
|
|
|c 810359
|d 812289
|
| 952 |
|
|
|a SNK
|b SNK
|y PREZ
|7 0
|p 17A0247036
|o snkSB 62082
|i snkKSP 7616/2000
|0 0
|1 0
|4 0
|d 2000-07-28
|f 1
|l 0
|r 2025-04-11 00:00:00
|w 2026-02-24
|
| 952 |
|
|
|t P60, <04>, [BOOK], {604}
|a SNK
|b SNK
|y VYP
|7 0
|p 17A0247037
|o snkSB 62082 D1
|i snkKSP 7617/2000
|0 0
|1 0
|4 0
|d 2000-07-28
|l 0
|r 2005-01-02 00:00:00
|w 2026-02-24
|